00974nam a2200229 a 450000100100000000500170001000800410002704000250006808200170009310000480011024502090015826000400036730000200040765000260042765000280045370000490048170000390053091000280056904900090059795201210060699900170072700001507820200929163940.0091202s1972 mx 001 f spa d aDO-SdBNPbspacBNPHU a892.31bJ26j1 aJalil Gibrán, Gibrán,d1883-193193180410aJesús :bel hijo del hombre, sus palabras y sus actos narrados por quienes lo conocieron /cGibrán Jalil Gibrán, prólogo, Roberto Oropeza Martínez, prólogo del traductor, Sergio René Madero. aMéxico :bEdiciones Orion,c1972. a303p. ;c19 cm. 4aPoesía siria934142 4aLiteratura siria9341431 aOropeza Martínez, Roberto,epról.934144 1aRené Madero, Sergio,etr.934145 aCatalogación derivada aBNGR 001054708MOaGRbGRcCTd2010-01-29iLF1l0o892.31 J26jp15078-10r2020-06-25w2020-06-25y4ZPréstamo en sala c14650d14650